000 00650nam a22002057a 4500
005 20250707154132.0
010 _aENG-145749
020 _c490.00
_a9789361595783
035 _aEN-129281
037 _bDBAD
082 _a000
_22
100 _aGogoi, Anshuman
_982717
245 _aAssam General Knowledge/
_cAnshuman Gogoi [and] Madhusmita Phukan
250 _a2
260 _aNoida
_bPearson India Education
_c2025
270 _a15th Floor, Towe-B, World Trade Tower, Plot No.1, Block-C, Sector-16
_bNoida
_e201301
300 _avpp.
_c23cm(pb)
700 _aPhukan, Madhusmita
_eAuthor
_982719
942 _2ddc
_cEN
_h000
_mGOG
999 _c212195
_d212195